000
00340nam a2200157Ia 4500
100
_a
Ibrahim/Dogan
650
_a
Microcontroller
942
_c
RB
366
_f
20
654
_a
microcontroller
245
_a
Microcontroller based applied Digital control
260
_b
Wiley
_c
2006
300
_a
311
546
_a
ENGLISH
999
_c
27590
_d
27590